|
|
|
|
| LEADER |
00000nab a2200000 a 4500 |
| 001 |
vtls000692566 |
| 003 |
SK-MaSNL |
| 005 |
20260304094830.0 |
| 008 |
250425c1999 xo 0 slo |
| 015 |
|
|
|a SNBRB1999/04-10492
|
| 035 |
|
|
|a CLN000044733
|
| 035 |
|
|
|a urn:nbn:sk:snk-abbsne
|
| 035 |
|
|
|a (urnnbn)urn:nbn:sk:snk:ar-004666
|
| 035 |
|
|
|a (uuid)45acfb06-06b6-4c1f-9485-9d3ccfebc4eb
|
| 040 |
|
|
|a SNKBUCL
|b slo
|c SNKBUCL
|e AACR2
|
| 041 |
0 |
|
|a slo
|
| 044 |
|
|
|a xo
|c SK
|
| 080 |
|
|
|a 82:929:820 (73)
|2 1997
|
| 080 |
|
|
|a 820 (73):929
|2 1997
|
| 080 |
|
|
|a 929 Mukherjee, Bharati
|2 1997
|
| 100 |
1 |
|
|a Haugová, Elvíra,
|d 1972-
|4 aut
|9 196347
|
| 245 |
1 |
0 |
|a Bharati Mukherjee sa narodila 27. júla 1940 ...
|c Elvíra Haugová
|
| 600 |
1 |
7 |
|a Mukherjee, Bharati
|d 1940-
|2 snkbucl
|9 1391574
|
| 655 |
|
7 |
|a články z novín a časopisov
|2 snkbucl
|9 267496
|
| 773 |
0 |
|
|t Revue svetovej literatúry
|g Roč. 35, č. 1 (1999), s. 92
|x 0231-6269
|
| 850 |
|
|
|a Slovenská národná knižnica
|
| 852 |
|
|
|a Slovenská národná knižnica
|
| 958 |
|
|
|a article15
|
| 958 |
|
|
|a LX
|
| 958 |
|
|
|a US
|
| 958 |
|
|
|a BC
|
| 958 |
|
|
|a OND
|
| 958 |
|
|
|a EUIPO
|
| 992 |
|
|
|a RBX
|
| 999 |
|
|
|c 2829198
|d 2831128
|